| 000 | 00719nam a2200181 a 4500 | ||
|---|---|---|---|
| 008 | 060801s2005 ||||||||||||||||| || u | ||
| 050 | _aIBRD(08)PRWP/3795 | ||
| 100 | _aBerger, Allen N | ||
| 245 | 1 | 2 | _aA more complete conceptual framework for financing of small and medium enterprises |
| 260 |
_aWashington, D. C _bWorld Bank _c2005 |
||
| 300 | _a29p. | ||
| 350 | _a0.00 | ||
| 490 | _aWorld Bank policy research working papers | ||
| 650 | 0 | _aECONOMICS | |
| 650 | _aSMALL AND MEDIUM ENTERPRISES--RESEARCH | ||
| 700 | _aUdell, Gregory F | ||
| 995 |
_D0.00 _FCBU-MAIN LIBRARY (Kitwe) _H1 _I0.00 _M1 _UAVAILABLE _WAug 1, 2006 _ZInternational Publications |
||
| 999 |
_c51684 _d51684 |
||